Statistiken für Bangladesch-Quiz

Klicken Sie hier um das Quiz zu spielen!

Allgemein

  • Dieses Quiz wurde 209 mal gespielt
  • Das Durchschnittsergebnis liegt bei 11 aus 16

Antwortstatistiken

Hinweis Antwort % Korrekt
Nachbarländer BangladeschsIndien
96%
HauptstadtDhaka
92%
Nachbarländer BangladeschsMyanmar
92%
Europäisches Land, welches Bangladesch bis 1947 kolonisierteVereinigtes Königreich
92%
Beliebtester SportCricket
88%
Meistpraktizierte ReligionIslam
87%
Land, von welchem Bangladesch im Jahre 1971 seine Unabhängigkeit erlangtePakistan
79%
Ein Großteil Bangladeschs liegt in diesem FlussdeltaGangesdelta
76%
Nationaltier BangladeschsBengal-Tiger
73%
Einziges Land mit einer Bevölkerung von
mehr als 5 Millionen, das dichter besiedelt ist als Bangladesch
Singapur
65%
Naturkatastrophe, welche 1582, 1699, 1822,
1847, 1876, 1970 und 1991 mindestens 50'000 Todesopfer forderte
Zyklon
49%
Die Sundarbans sind die größten ...wälder der ErdeMangroven
47%
Zweitbevölkerungsreichste StadtChittagong
44%
Nahe Cox's Bazar findet sich einer der weltweit längsten ...Strände
36%
Nationalfrucht, welche bis zu 50kg schwer werden kann{Jack}frucht
33%
Währung von BangladeschTaka
25%

Verteilung der Resultate

Perzentil nach korrekt beantworteten Fragen

Anzahl Personen mit jedem Resultat

Ihre Resultats-Entwicklung

Sie haben dieses Quiz noch nicht gespielt